000
00233nam a2200097Ia 4500
001
913924
005
20250826185806.0
008
250824s9999 xx 000 0 und d
245
0
_a
BEYAZ DİŞ
_c
JACK LONDON
260
_b
İSKELE YAYINLARI
999
_c
913924
_d
913924